000 01092cam a2200337 a 4500
001 831155
003 ARRUPE
005 20150409144959.0
008 900427s1990 nyuacf b 001 0beng
010 _a 89022029
020 _a0671606816 :
_c$29.95
035 _a(OCoLC)20593361
035 _a(OCoLC)ocm20593361
035 _a(CStRLIN)NYCG90-B27961
035 _a(NNC)831155
040 _dCOc
_dCBu
_dCSmat
_dNNC
_cArrupe
043 _ae-fr---
050 0 _aPQ2603.E362
_bZ59 1990
082 0 _a848/.91409
_aB
_220
090 _aPQ2603.E362
_bZ59 1990
100 1 _aBair, Deirdre.
_917049
245 1 0 _aSimone de Beauvoir :
_ba biography /
_cDeirdre Bair.
260 _aNew York :
_bSummit Books,
_cc1990.
300 _a718 p., [16] p. of plates :
_bill., ports. ;
_c24 cm.
504 _aIncludes bibliographical references (p. 619-679) and index.
600 1 0 _aBeauvoir, Simone de,
_d1908-1986
_vBiography.
_917050
650 0 _aAuthors, French
_y20th century
_vBiography.
_917051
650 0 _aFeminists
_zFrance
_vBiography.
_917052
942 _2lcc
_cMONOGRAPH
999 _c122619
_d122619